| 000 | 00654na a2200217 4500 | ||
|---|---|---|---|
| 001 | 15961 | ||
| 003 | MIRAKIL | ||
| 005 | 20181213154804.0 | ||
| 008 | 161003b tu 000 0 | ||
| 040 |
_aMilas _btur _cTR-AnCHP |
||
| 082 |
_a923.6 Gülhan, K. _bG94a [t.y.] |
||
| 090 | _a923.6 Gülhan,K. G94a [t.y.] | ||
| 100 |
_aGülhan, Kadri _d1926- |
||
| 245 |
_aAtatürk yolunda olanlarla... _cKadri Gülhan |
||
| 260 |
_aİzmir _b[yayl.y.] _c[t.y.] _fKanyılmaz Matbaası |
||
| 300 |
_a88 s. _bfotğ. _c20 sm. |
||
| 500 | _aKitap yazarından imzalıdır. | ||
| 600 |
_aGülhan, Kadri _xAnılar |
||
| 650 |
_aAtatürkçüler _xAnılar |
||
| 942 |
_2ddc _cBKS |
||
| 999 |
_c869 _d869 |
||